| 000 | 00985nam a2200277 a 4500 | ||
|---|---|---|---|
| 001 | 25789 | ||
| 003 | CO-ViMGA | ||
| 008 | 141112s2004 ck r 000 u spa d | ||
| 020 | _a9789587584707 | ||
| 040 |
_aCO-ViMGA _bspa _cCO-ViMGA |
||
| 041 | _aSPA | ||
| 082 | 0 | 4 | _a303.62 C65 |
| 110 |
_aComisión Nacional de Reparación y Reconciliación (Colombia). Grupo de Memoria Histórica _939917 |
||
| 245 | 1 | 0 |
_aEl Placer : _bmujeres, coca y guerra en el Bajo Putumayo / _cGrupo de Memoria Histórica |
| 250 | _a1a ed. | ||
| 260 |
_aBogotá : _bTaurus, _c2012 |
||
| 300 | _a384 p. | ||
| 490 | _aPensamiento | ||
| 500 | _aIncluye Bibliografía | ||
| 650 | 1 | 4 |
_aCONFLICTO ARMADO - PUTUMAYO (COLOMBIA) _939918 |
| 650 | 1 | 4 |
_aNARCOTRAFICO - PUTUMAYO (COLOMBIA) _939919 |
| 650 | 1 | 4 |
_aPARAMILITARES - PUTUMAYO (COLOMBIA) _939920 |
| 650 | 1 | 4 |
_aVIOLENCIA Política - PUTUMAYO (COLOMBIA) _939921 |
| 651 |
_aEL PLACER (PUTUMAYO, COLOMBIA) - CONDICIONES SOCIALES _939922 |
||
| 942 |
_2ddc _cBK |
||
| 999 |
_c5355 _d5355 |
||